A brief introduction sociology / (Record no. 193820)
[ view plain ]
| 000 -LEADER | |
|---|---|
| fixed length control field | 00923 a2200157 4500 |
| 003 - CONTROL NUMBER IDENTIFIER | |
| control field | Nust |
| 005 - DATE AND TIME OF LATEST TRANSACTION | |
| control field | 20221209121657.0 |
| 040 ## - CATALOGING SOURCE | |
| Transcribing agency | Nust |
| 082 ## - DEWEY DECIMAL CLASSIFICATION NUMBER | |
| Classification number | 301,THI |
| 100 ## - MAIN ENTRY--PERSONAL NAME | |
| Personal name | Alex Thio |
| 245 ## - TITLE STATEMENT | |
| Title | A brief introduction sociology / |
| Statement of responsibility, etc. | Alex Thio |
| 260 ## - PUBLICATION, DISTRIBUTION, ETC. | |
| Place of publication, distribution, etc. | Islamabad |
| Name of publisher, distributor, etc. | National book foundation |
| Date of publication, distribution, etc. | 2001 |
| 300 ## - PHYSICAL DESCRIPTION | |
| Extent | xiii:443 p; |
| 505 ## - FORMATTED CONTENTS NOTE | |
| Formatted contents note | The essence of Sociology (Page-3), Culture (Page-29), Social Structure (Page-49), Groups and Organizations (Page-49), Groups and Organizations (Page-73), Socialization (Page-95), Deviance and Control (Page-119), Social Stratification (Page-143), Racial and Ethnic Minorities (APge-167), Gender and Age (Page-193), The Family (Page-219), Education (Page-239), Religion (Page-263), Politics and the Economy (Page-287), Science and Health (aPge-315), population, Ecology, and Urbanization (Page-345), Collective Behavior and Social Change (Page-373). |
| 942 ## - ADDED ENTRY ELEMENTS (KOHA) | |
| Source of classification or shelving scheme | |
| Koha item type | Book |
| Call number prefix | 301,THI |
| Withdrawn status | Lost status | Source of classification or shelving scheme | Damaged status | Not for loan | Permanent Location | Current Location | Shelving location | Date acquired | Full call number | Barcode | Date last seen | Price effective from | Koha item type | Public note |
|---|---|---|---|---|---|---|---|---|---|---|---|---|---|---|
| Military College of Signals (MCS) | Military College of Signals (MCS) | General Stacks | 12/12/2016 | 301,THI | MCS34375 | 12/08/2016 | 12/12/2016 | Book | Almirah No.73, Shelf No.3 | |||||
| Military College of Signals (MCS) | Military College of Signals (MCS) | General Stacks | 12/12/2016 | 301,THI | MCS34376 | 12/08/2016 | 12/12/2016 | Book | Almirah No.48, Shelf No.6 |
